| 000 | 01108cam a2200325 i 4500 | ||
|---|---|---|---|
| 001 | 000003981 | ||
| 003 | DO-SdBNP | ||
| 005 | 20260225084806.0 | ||
| 007 | ta | ||
| 008 | 940309s1996 sp 001 0 spa | ||
| 020 | _a8441401276 | ||
| 040 |
_aDO-SdBNP _bspa _cBNPHU _erda |
||
| 041 | 1 | 7 |
_aspa _heng |
| 082 | 4 |
_a158 _bW235t _222 |
|
| 100 | 1 |
_aWalters, J. Donald, _d1969 - 2003 _eautor _4aut. _911945 |
|
| 245 | 1 | 4 |
_aLos tesoros de la vida / _cWalters, J. Donald ; traducción, Guillermo Solana. |
| 246 | 1 | 4 | _aLos tesoros de la vida: amor, éxito, amistad, autoaceptación, paz interior, salud global, prosperidad, liderazgo. |
| 264 | 1 |
_aMadrid : _bEDAF, _c1996. |
|
| 300 |
_a200 páginas ; _c18 cm. |
||
| 336 |
_atexto _btxt _2rdacontent |
||
| 337 |
_asin mediación _bn _2rdamedia |
||
| 338 |
_avolumen _bnc _2rdacarrier |
||
| 534 | _aTítulo original: Secrets of life. | ||
| 650 | 4 |
_aVida _911946 |
|
| 650 | 7 |
_aConducta de vida _2LIBRUNAM _911947 |
|
| 650 | 4 |
_a Calidad de vida _985379 |
|
| 700 | 1 |
_aSolana, Guillermo, _etraductor _4tr. _911904 |
|
| 910 | _aCatalogación por copia | ||
| 942 |
_2ddc _cLBS1 |
||
| 999 |
_c3800 _d3800 |
||